000 00286nam a22001337a 4500
008 170616b xxu||||| |||| 00| 0 eng d
020 _a0316540013
041 _aeng
080 _a32
100 _a20
101 _aSHP
245 _aMANAGING PUBLIC POLICY
_cLYNN,L.E
942 _2udc
_cBK
999 _c17875
_d17875